La Banca privada en Castilla-La Mancha y Extremadura entre 1920 y 1935 / [autor: José Víctor Arroyo Martín] José Víctor Arroyo Martín]
Descripción Física:
154 p. : il., taules, gràf. ; 25 cm
MARC
| LEADER | 00000nam a2200000Ia 4500 | ||
|---|---|---|---|
| 001 | 13579 | ||
| 008 | 160829s9999 xx 000 0 cat d | ||
| 080 | |a M-3-436 | ||
| 100 | |a Arroyo, J. Víctor |9 23811 | ||
| 245 | |a La Banca privada en Castilla-La Mancha y Extremadura entre 1920 y 1935 / [autor: |b José Víctor Arroyo Martín] | ||
| 260 | |a Bilbao : |b BBVA, Archivo Histórico, DL 2002 | ||
| 300 | |a 154 p. : |b il., taules, gràf. ; |c 25 cm | ||
| 490 | |a Informaciones : Cuadernos de archivo ; 4a época, año 9, no. 66-67 (enero/jun. 2001) | ||
| 650 | |a Bancs |x Castella-La Manxa |x 1920/1935 |9 25617 | ||
| 650 | |a Bancs |x Extremadura |x 1920/1935 |9 25618 | ||
| 710 | 2 | |a Banco Bilbao Vizcaya Argentaria. |b Archivo Histórico |9 54521 | |
| 901 | |a Arxiu | ||
| 942 | |n 1 | ||
| 952 | |0 0 |1 0 |4 0 |6 M3436 |7 1 |9 43703 |a Arxiu |b Arxiu |d 2016-12-01 |l 0 |o M-3-436 |p 13579 |r 2016-12-01 00:00:00 |w 2016-12-01 |y ARXIU | ||
| 999 | |c 46251 |d 46251 | ||